000 00373nam a2200109Ia 4500
008 160531s9999 xx 000 0 und d
100 _aLabov, Jay B.
245 _aThinking Evolutionarily: Evolution Education Across the Life Sciences
245 _cby Jay B. Labov (ed.)
260 _c2012
856 _uhttp://www.ncbi.nlm.nih.gov/books/NBK201231/pdf/Bookshelf_NBK201231.pdf
999 _c295111
_d295111